Word Ladder: Game On! Quiz Stats

 Plays Quiz Updated Apr 15, 2018

Score 0/68 Timer 07:00
1 Play Today
Clue 4-Letter Word % Correct
☺ 21 card game: 'Black____' ☺☺JACK☺
95.5%
☺ Dice-rolling board game: '____gammon' ☺☺BACK☺
94.6%
☺ Nautical board game: 'Battle____' ☺☺SHIP☺
91.5%
Lion's announcementROAR
91.2%
AthleteJOCK
90.8%
☺ Device-building board game: 'Mouse ____' ☺☺TRAP☺
90.5%
Husband's spouseWIFE
90.3%
Not spade, heart, or diamondCLUB
89.8%
Make a cradle swayROCK
89.7%
☺ Whodunnit? board game ☺☺CLUE☺
89.7%
AdhesiveGLUE
89.5%
Lose footingSLIP
89%
☺ Career board game: 'Game of ____' ☺☺LIFE☺
88.6%
Leg below kneeSHIN
88.3%
Skating arenaRINK
88%
Open-handed strikeSLAP
88%
Broad smileGRIN
87.4%
Group of musiciansBAND
87.3%
PrecipitationRAIN
87%
☺ World domination board game ☺☺RISK☺
86.5%
Fermented grape juiceWINE
86.1%
Sage, knowledgeableWISE
85.9%
Glide effortlesslySOAR
85.9%
Not narrowWIDE
85.8%
☺ Matching card game: 'Go ____!' ☺☺FISH☺
85.5%
PotatoSPUD
85.2%
Firm holdGRIP
85.1%
One thousandth of a kiloGRAM
84.7%
EmployHIRE
84.2%
Increase amountGAIN
83.9%
☺ Victorian card game: 'Old ____' ☺☺MAID☺
83.7%
Hopeful sentimentWISH
83.7%
TrolleyTRAM
83.7%
☺ Multi-colored board game: 'Candy____' ☺☺LAND☺
83.6%
Clue 4-Letter Word % Correct
To train in boxingSPAR
83.3%
Feathered forelimbWING
83.1%
Actor's partROLE
83.1%
☺ Train travel board game: 'Ticket to ____' ☺☺RIDE☺
82.9%
Pre-Euro Italian currencyLIRE
82.8%
Melon shellRIND
82.3%
Microsoft search engineBING
81.4%
San Antonio NBA playerSPUR
81%
Sudden attackRAID
81%
Former Sox catcher CarltonFISK
80.6%
Solid concrete house foundationSLAB
80.5%
AvoidSHUN
80.1%
DourGLUM
79.7%
☺ Poker card game: 'Five card ____' ☺☺STUD☺
79.3%
Slender rodPOLE
79.2%
Flamboyant '70's music styleGLAM
79%
To irritateRILE
78.8%
☺ Properties board game: '____[RUNG 68]' ☺☺MONO☺
78.7%
FriarMONK
77.9%
☺ Wild West card game ☺☺BANG!☺
77.8%
Swedish opera singer JennyLIND
76.9%
Thick bump in yarnSLUB
76.8%
ShockSTUN
76.6%
☺ Cross-country word game: '[RUNG 11] ____' ☺☺TRIP☺
76.4%
Strong, dark beerBOCK
74.9%
☺ Properties board game: '[RUNG 1]____' ☺☺POLY☺
74.8%
MutilateMAIM
74.3%
To do damage, cause hurtHARM
73.3%
ScoffMOCK
72%
☺ Strategy board game: '____ and Hounds' ☺☺HARE☺
71.5%
Female teacher: school____MARM
71%
☺ Cross-country word game: '____ [RUNG 34]' ☺☺ROAD☺
70.4%
☺ Card game, a.k.a. 'Missionary Poker' ☺☺ROOK☺
58.3%
CrucifixROOD
55.3%

Today's Daily Dose

Missing Word
Wicked Songs

Word Ladder
Blue Ivies

Get the Picture
Green on the Flag?

You're not logged in!

Compare scores with friends on all Sporcle quizzes.
OR
Log In

You Might Also Like...

Show Comments

Extras

Top Quizzes Today


Score Distribution

Your Account Isn't Verified!

In order to create a playlist on Sporcle, you need to verify the email address you used during registration. Go to your Sporcle Settings to finish the process.

Report this User

Report this user for behavior that violates our Community Guidelines.

Details: